Vista normal
Vista MARC
Entrada Personal Name
Número de registros utilizados en: 1
001 - CONTROL NUMBER
- control field: 9129
003 - CONTROL NUMBER IDENTIFIER
- control field: DLC
005 - DATE AND TIME OF LATEST TRANSACTION
- control field: 20190321112534.0
008 - FIXED-LENGTH DATA ELEMENTS
- fixed length control field: 100119n| acannaabn |a aaa c
010 ## - LIBRARY OF CONGRESS CONTROL NUMBER
- LC control number: no2010009608
035 ## - SYSTEM CONTROL NUMBER
- System control number: (OCoLC)oca08366193
040 ## - CATALOGING SOURCE
- Original cataloging agency: MX-MxBN
- Language of cataloging: spa
- Transcribing agency: MX-MxBN
- Modifying agency: Mx-PuUPA
- Description conventions: rda
100 1# - HEADING--PERSONAL NAME
- Personal name: Fortes de Leff, Jacqueline
375 ## - GENDER
- Gender: Mujer
377 ## - ASSOCIATED LANGUAGE
- Language code: spa
400 1# - SEE FROM TRACING--PERSONAL NAME
- Personal name: Leff, Jacqueline Fortes de
400 1# - SEE FROM TRACING--PERSONAL NAME
- Personal name: De Leff, Jacqueline Fortes
670 ## - SOURCE DATA FOUND
- Source citation: El terapeuta y sus errores : reflexiones sobre la terapia, 2009:
- Information found: t.p. (Jacqueline Fortes de Leff)